000 00476 a2200157 4500
999 _c1636
_d1636
020 _a101849300232
050 _aHF 5668.25 INT 2011
100 _aHay'at Markaz Qatar
_eauthor
245 _aBest practice approaches to internal auditing
264 _aLondon:
_bBloomsbury Information
_c2011
300 _ax, 239 p. :
_b ill.
440 _aQfinance
500 _aIncludes bibliographical references and index.
650 _aAuditing internal
942 _2lcc
_cBK
_h5668
_iBES
_kHF